000 02266nam a2200361 a 4500
001 82853
003 BD-RjUL
005 20240130091659.0
008 240130s2000 le |||||||||||||||||ara d
035 _a(BD-RjUL)82853
040 _aNNL
_bara
_cBD-RjUL
041 0 _aara
082 _223
_a297.12509
_bSHN 1965
100 1 _aالشوكاني، محمد بن علي ;; ،Al-Shawkani, Muhammad bin Ali,
_d1759-1839
_911245
245 1 0 _aنيل الأوطار :nil al'awtar :
_bمن اسرار منتقى الاخبار /min asrar muntaqaa aliakhbar /
_cتأليف محمد بن علي بن محمد الشوكاني ؛ دراسة وتحقيق علي محمد معوض [و]عادل عبد الموجود، شارك في تحقيقه أحمد عيسى المعصراوي..talif muhamad bin eali bin muhamad alshuwkani ; dirasat watahqiq eali muhamad mueawad [w]eadil eabd almawjud, sharak fi tahqiqih 'ahmad eisaa almiesarawi..
246 3 3 _anil al'awtar min 'asrar muntaqaa al'akhbar ;; نيل الأوطار من أسرار منتقى الأخبار
246 3 3 _aنيل الأوطار شرح منتقى الأخبار من أحاديث سيد الأخيار
260 _aبيروت :Beirut :
_bدار الكتاب العربي ;; ،dar alkitaab al arabiu,
_c١٤٢٠هج ٢٠٠٠م.
300 _a5 مجلدات.
_c26 cm
500 _aيسمى الكتاب أيضا: نيل الأوطار شرح منتقى الأخبار من أحاديث سيد الأخبار (ج. 1، ص. 3)
505 _a.-- الجزء 5
600 1 4 _aابن تيمية، عبد السلام بن عبد الله،
_d1194-1255
600 1 4 _aابن تيمية، عبد السلام بن عبد الله،
_d1194-1255.
_tالمنتقى من أحاديث الأحكام
_911247
650 4 _aHadith
_xCriticism, interpretation, etc.
650 4 _aSunna
_911248
650 4 _aPurity, Ritual
_xIslam
_911249
700 1 _aابن تيمية، عبد السلام بن عبد الله،
_d1194-1255
700 1 _aابن تيمية، عبد السلام بن عبد الله،
_d1194-1255.
700 1 _aمعوض، علي محمد
_911250
700 1 _aعبد الموجود، عادل أحمد
_911251
700 1 _aالمعصراوي، أحمد عيسى حسن
_911252
942 _2ddc
_cBK
999 _c82853
_d82853